<?xml version="1.0" encoding="UTF-8"?>
<record
    xmlns:xsi="http://www.w3.org/2001/XMLSchema-instance"
    xsi:schemaLocation="http://www.loc.gov/MARC21/slim http://www.loc.gov/standards/marcxml/schema/MARC21slim.xsd"
    xmlns="http://www.loc.gov/MARC21/slim">

  <leader>03113nam a2200529Ia 4500</leader>
  <controlfield tag="001">1175</controlfield>
  <controlfield tag="008">241029s9999    xx            000 0 und d</controlfield>
  <datafield tag="010" ind1=" " ind2=" ">
    <subfield code="a">1086</subfield>
  </datafield>
  <datafield tag="041" ind1=" " ind2=" ">
    <subfield code="a">Espa&#xF1;ol</subfield>
  </datafield>
  <datafield tag="082" ind1=" " ind2=" ">
    <subfield code="a">MCETE-45</subfield>
  </datafield>
  <datafield tag="245" ind1=" " ind2="0">
    <subfield code="a">El mantenimiento del mobiliario escolar de los centros del Nivel B&#xE1;sico, Distrito Educativo 08-05 de Santiago, R.D.</subfield>
  </datafield>
  <datafield tag="260" ind1=" " ind2=" ">
    <subfield code="a">Santiago</subfield>
  </datafield>
  <datafield tag="300" ind1=" " ind2=" ">
    <subfield code="a">92</subfield>
  </datafield>
  <datafield tag="520" ind1=" " ind2=" ">
    <subfield code="a">31</subfield>
  </datafield>
  <datafield tag="630" ind1=" " ind2=" ">
    <subfield code="a">Mantenimiento Escolar</subfield>
  </datafield>
  <datafield tag="650" ind1=" " ind2=" ">
    <subfield code="a">Administraci&#xF3;n de la Educaci&#xF3;n</subfield>
  </datafield>
  <datafield tag="690" ind1=" " ind2=" ">
    <subfield code="a">Elaborado</subfield>
  </datafield>
  <datafield tag="700" ind1=" " ind2=" ">
    <subfield code="e">asesor</subfield>
    <subfield code="a">Pe&#xF1;a Ventura, Arnaldo Rafael </subfield>
  </datafield>
  <datafield tag="700" ind1=" " ind2=" ">
    <subfield code="e">autor</subfield>
    <subfield code="a">Pons Pe&#xF1;a, Amelia Agustin</subfield>
  </datafield>
  <datafield tag="700" ind1=" " ind2=" ">
    <subfield code="e">autor</subfield>
    <subfield code="a">Ramirez Batista, Julia Concepci&#xF3;n </subfield>
  </datafield>
  <datafield tag="901" ind1=" " ind2=" ">
    <subfield code="a">{"1":"Pons Pe&#xF1;a","2":"Ramirez Batista"}</subfield>
    <subfield code="b">{"1":"Amelia Agustin","2":"Julia Concepci&#xF3;n "}</subfield>
  </datafield>
  <datafield tag="902" ind1=" " ind2=" ">
    <subfield code="a">1</subfield>
  </datafield>
  <datafield tag="903" ind1=" " ind2=" ">
    <subfield code="a">{"1":"Pe&#xF1;a Ventura"}</subfield>
    <subfield code="b">{"1":"Arnaldo Rafael "}</subfield>
  </datafield>
  <datafield tag="904" ind1=" " ind2=" ">
    <subfield code="a">Mag&#xED;ster en</subfield>
  </datafield>
  <datafield tag="905" ind1=" " ind2=" ">
    <subfield code="a">Administraci&#xF3;n Educativa</subfield>
  </datafield>
  <datafield tag="906" ind1=" " ind2=" ">
    <subfield code="a">2</subfield>
  </datafield>
  <datafield tag="907" ind1=" " ind2=" ">
    <subfield code="a">NO APLICA</subfield>
  </datafield>
  <datafield tag="908" ind1=" " ind2=" ">
    <subfield code="a">NO APLICA</subfield>
  </datafield>
  <datafield tag="909" ind1=" " ind2=" ">
    <subfield code="a">Universidad Tecnol&#xF3;gica de Santiago (UTESA), Campus Central Herrera</subfield>
  </datafield>
  <datafield tag="910" ind1=" " ind2=" ">
    <subfield code="a">NULL</subfield>
    <subfield code="b">NULL</subfield>
  </datafield>
  <datafield tag="911" ind1=" " ind2=" ">
    <subfield code="a">["1"]</subfield>
  </datafield>
  <datafield tag="912" ind1=" " ind2=" ">
    <subfield code="a">NO APLICA</subfield>
  </datafield>
  <datafield tag="913" ind1=" " ind2=" ">
    <subfield code="a">NULL</subfield>
  </datafield>
  <datafield tag="914" ind1=" " ind2=" ">
    <subfield code="a">03 de Abril de 2000</subfield>
  </datafield>
  <datafield tag="915" ind1=" " ind2=" ">
    <subfield code="a">08/12/19 11:12</subfield>
  </datafield>
  <datafield tag="916" ind1=" " ind2=" ">
    <subfield code="a">NULL</subfield>
  </datafield>
  <datafield tag="917" ind1=" " ind2=" ">
    <subfield code="a">NULL</subfield>
  </datafield>
  <datafield tag="918" ind1=" " ind2=" ">
    <subfield code="a">NO APLICA</subfield>
  </datafield>
  <datafield tag="919" ind1=" " ind2=" ">
    <subfield code="a">["133"]</subfield>
  </datafield>
  <datafield tag="520" ind1=" " ind2=" ">
    <subfield code="a">La investigaci&#xF3;n consisti&#xF3; en dirigida a descubrir cual es la condici&#xF3;n real del mobiliario escolar en los Centros del Nivel b&#xE1;sico del Distrito Educativo 08-05 de Santiago, y si existen en dichos Centros una unidad de Mantenimiento Escolar.La metodolog&#xED;a fue exploratoria, descriptiva. La muestra fue de una poblaci&#xF3;n de treinta y nueve (39)&#xA0;Centros del Nivel B&#xE1;sico. Se tom&#xF3; una muestra aleatoria de catorce (14) Centros los cuales representan el 36% de la poblaci&#xF3;n, los Centros seleccionados est&#xE1;n ubicados en la zona rural, urbana y urbana marginal.Las conclusiones revelan que el mobiliario escolar de los Centros objetos de estudio present&#xF3; las condiciones aceptable para usarlo en la docencia, los comit&#xE9;s de mantenimiento est&#xE1;n velando por la conservaci&#xF3;n del mobiliario de los Centros y los directores dan seguimiento a los proyectos de conservaci&#xF3;n de la edificaci&#xF3;n y el mobiliario en condiciones aceptable, las butacas y los pupitres son el tipo de mobiliario que predomina en la mayor&#xED;a de los Centros del Nivel B&#xE1;sico. Lo que implica que no todos los Centros tienen uniformidad en tipo de mobiliario, el comit&#xE9; de mantenimiento escolar contribuye a la preservaci&#xF3;n del mobiliario escolar, su funcionamiento es muy importante para conservaci&#xF3;n de &#xE9;stos.Por lo que se le recomienda, que en los centros educativos donde no existe el comit&#xE9; mantenimiento escolar sea formado y, en los centros donde existe que este sea funcional. En los centros donde hay pupitres y butacas se vayan sustituyendo por mesas y sellos. Finalmente, capacitar a un personal para que se especialice en el mantenimiento escolar.</subfield>
  </datafield>
  <datafield tag="921" ind1=" " ind2=" ">
    <subfield code="a">11</subfield>
  </datafield>
  <datafield tag="922" ind1=" " ind2=" ">
    <subfield code="a">11</subfield>
  </datafield>
  <datafield tag="923" ind1=" " ind2=" ">
    <subfield code="a">0</subfield>
  </datafield>
  <datafield tag="924" ind1=" " ind2=" ">
    <subfield code="a">NO APLICA</subfield>
  </datafield>
  <datafield tag="942" ind1=" " ind2=" ">
    <subfield code="c">Tesis</subfield>
  </datafield>
  <datafield tag="999" ind1=" " ind2=" ">
    <subfield code="c">1086</subfield>
    <subfield code="d">1086</subfield>
  </datafield>
</record>
